Picture Click Quiz - Harry Potter Characters #2 - Statistics

General Stats
  • This quiz has been taken 468 times
  • The average score is 24 of 30
Answer Stats
Hint Answer % Correct
Dobby
Terk
95%
Severus Snape
Louis
95%
Minerva McGonagall
Dopey
93%
Hedwig
Gus
92%
Lucius Malfoy
Bashful
92%
Cedric Diggory
Pascal
92%
Aragog
Bruni
92%
Arthur Weasley
Panic
90%
Vernon Dursley
Meeko
90%
Gilderoy Lockhart
Maximus
89%
Petunia Dursley
Sleepy
88%
Bill Weasley
Tantor
88%
Marge Dursley
Olaf
88%
Lavender Brown
Jiminy Cricket
86%
Dean Thomas
Eeyore
86%
Horace Slughorn
Bagheera
85%
Romilda Vane
Thumper
85%
Aberforth Dumbledore
Fauna
85%
Garrick Ollivander
Heihei
84%
Colin Creevey
Mrs. Potts
84%
Fenrir Greyback
Pegasus
84%
Angelina Johnson
Ray
82%
Stan Shunpike
Flounder
70%
Elphias Doge
Tinkerbell
62%
Justin Finch-Fletchley
Merryweather
60%
Marcus Belby
Flit
59%
Albert Runcorn
Sven
58%
Ernie Prang
Baloo
58%
Mykew Gregorovitch
Pleakly
56%
Reginald Cattermole
Genie
55%
No matching quizzes found
Score Distribution
Percent of People with Each Score
Percentile by Number Answered
Your Score History
You have not taken this quiz